00625nam a2200205Ia 450000500170000000800410001702000150005808200130007310000220008624500850010826000240019330000120021765000120022965000210024170000220026270000170028494200060030195200970030799900150040420240606010052.0240331s9999 xx 000 0 und d a9551040236 bTRIa362 aGunathilake,N. ed 0aTriangulation squared :bassessing impacts of the poverty impact monitoring unit aColombobCEPAc2005 a304 p., aPoverty aPoverty Analysis aGunathilake,N. ed aJafferjee,A. cL 001040708LaWERCLbWERCLcSSCd2024-03-31l0o 362.5 TRIp6533r2024-03-31w2024-03-31yL c4541d4541